000 01016nam a22003017a 4500
003 DO-SdBNP
005 20220315105931.0
007 ta
008 210708e2017 dr ||||er|||| 001 0dspa d
020 _a9789945169119
040 _aDO-SdBNP
_bspa
_cBNPHU
041 _hspa
082 4 _bR239r 2018
_222
100 1 _953755
_aRauber, Isabel
245 1 0 _aRefundar la política :
_bdesafíos para una nueva izquierda indoafrolatinoamericana /
_cIsabel Rauber
250 _a3ra ed.
260 _aSanto Domingo :
_bEditora Búho,
_c2018
300 _a141 p. ;
_c23 cm.
500 _aIncluye biografía de la autora en la solapa de la cubierta.
500 _aIncluye bibliografía y nota al pié de páginas.
504 _aBibliografía, p. 141
590 _aInventariado 2021/MF
650 4 _931703
_aPartidos Políticos
_zAmérica latina
650 4 _944497
_aAmérica Latina
_xPolítica y Gobierno
_ysiglo XXI
650 4 _944693
_aCiencias Política
_xAmérica Latina
910 _aMFeliz
942 _2ddc
_cLBS1
999 _c50073
_d50073